000 00321 a2200157 4500
001 170676
020 _a
040 _cMagnum
100 _aAndrade, Carlos Drummond de
240 1 0 _aA cor de cada um
_lpor
245 1 0 _aA cor de cada um
362 0 _a1899
440 1 _aRecord
697 _aIJ/CONTOS
942 _cBK
999 _c170676
_d170676